<?xml version="1.0" encoding="UTF-8"?><?xml-stylesheet type="text/xsl" href="static/style.xsl"?><OAI-PMH xmlns="http://www.openarchives.org/OAI/2.0/" xmlns:xsi="http://www.w3.org/2001/XMLSchema-instance" xsi:schemaLocation="http://www.openarchives.org/OAI/2.0/ http://www.openarchives.org/OAI/2.0/OAI-PMH.xsd"><responseDate>2026-04-28T02:51:59Z</responseDate><request verb="GetRecord" identifier="oai:riubu.ubu.es:10259/11472" metadataPrefix="marc">https://riubu.ubu.es/oai/request</request><GetRecord><record><header><identifier>oai:riubu.ubu.es:10259/11472</identifier><datestamp>2026-03-10T01:05:38Z</datestamp><setSpec>com_10259_6168</setSpec><setSpec>com_10259_5086</setSpec><setSpec>com_10259_2604</setSpec><setSpec>com_10259_3924</setSpec><setSpec>col_10259_6169</setSpec><setSpec>col_10259_3925</setSpec></header><metadata><record xmlns="http://www.loc.gov/MARC21/slim" xmlns:doc="http://www.lyncode.com/xoai" xmlns:xsi="http://www.w3.org/2001/XMLSchema-instance" xmlns:dcterms="http://purl.org/dc/terms/" xsi:schemaLocation="http://www.loc.gov/MARC21/slim http://www.loc.gov/standards/marcxml/schema/MARC21slim.xsd">
<leader>00925njm 22002777a 4500</leader>
<datafield tag="042" ind1=" " ind2=" ">
<subfield code="a">dc</subfield>
</datafield>
<datafield tag="720" ind1=" " ind2=" ">
<subfield code="a">Carreira Barral, Israel</subfield>
<subfield code="e">author</subfield>
</datafield>
<datafield tag="720" ind1=" " ind2=" ">
<subfield code="a">García-Moral, Ana</subfield>
<subfield code="e">author</subfield>
</datafield>
<datafield tag="720" ind1=" " ind2=" ">
<subfield code="a">Iñigo-Martínez, María Emilia</subfield>
<subfield code="e">author</subfield>
</datafield>
<datafield tag="720" ind1=" " ind2=" ">
<subfield code="a">Díez Hernández, Julieta</subfield>
<subfield code="e">author</subfield>
</datafield>
<datafield tag="720" ind1=" " ind2=" ">
<subfield code="a">Ibáñez Porras, Jesús</subfield>
<subfield code="e">author</subfield>
</datafield>
<datafield tag="720" ind1=" " ind2=" ">
<subfield code="a">Alonso-Terán, Mario</subfield>
<subfield code="e">author</subfield>
</datafield>
<datafield tag="720" ind1=" " ind2=" ">
<subfield code="a">Fuente Gamero, Patricia de la</subfield>
<subfield code="e">author</subfield>
</datafield>
<datafield tag="720" ind1=" " ind2=" ">
<subfield code="a">Barros García, Rocío</subfield>
<subfield code="e">author</subfield>
</datafield>
<datafield tag="720" ind1=" " ind2=" ">
<subfield code="a">Martel Martín, Sonia</subfield>
<subfield code="e">author</subfield>
</datafield>
<datafield tag="260" ind1=" " ind2=" ">
<subfield code="c">2026-06</subfield>
</datafield>
<datafield tag="520" ind1=" " ind2=" ">
<subfield code="a">This work proposes a straightforward methodology for integrating the environmental, economic, social, criticality and circularity dimensions as normalised indicators into a single equation, yielding a sustainability index, and demonstrates its applicability in the context of the steelmaking industry. This new approach, designed for early development stages and based on the elemental composition of the input materials (metal scraps and raw materials), allows the identification of those within a dataset that are of greatest concern according to their sustainability index and facilitates decision-making regarding their use in alloy production. A sensitivity analysis, with 11 studied scenarios, was conducted to evaluate the influence of the five indicators on the outcome, assigning different weights to them. The developed strategy, compatible with the Safe and Sustainable by Design framework, was successfully applied to a family of 207 materials of varying qualities. A set of raw materials, including both ferroalloys and pure elements, was identified as the most worrying group from the sustainability viewpoint, in line with previous works (e.g., ferroniobium, ferrotungsten, pure cobalt and pure copper), thereby validating the described framework. However, metal scraps should, whenever feasible, be prioritised, as their recovery would reduce the reliance on mineral resources. Consequently, a number of them are presented as alternatives to the least sustainable raw materials according to their sustainability indexes. The application of this methodology provides a holistic view of sustainability and enables rapid decisions regarding which products from a given set are more suitable for use, based on their index values and stakeholder needs.</subfield>
</datafield>
<datafield tag="024" ind2=" " ind1="8">
<subfield code="a">0195-9255</subfield>
</datafield>
<datafield tag="024" ind2=" " ind1="8">
<subfield code="a">https://hdl.handle.net/10259/11472</subfield>
</datafield>
<datafield tag="024" ind2=" " ind1="8">
<subfield code="a">10.1016/j.eiar.2026.108364</subfield>
</datafield>
<datafield ind1=" " ind2=" " tag="653">
<subfield code="a">Circularity assessment</subfield>
</datafield>
<datafield ind1=" " ind2=" " tag="653">
<subfield code="a">Criticality assessment</subfield>
</datafield>
<datafield ind1=" " ind2=" " tag="653">
<subfield code="a">Early-stage evaluation</subfield>
</datafield>
<datafield ind1=" " ind2=" " tag="653">
<subfield code="a">Metal scrap</subfield>
</datafield>
<datafield ind1=" " ind2=" " tag="653">
<subfield code="a">Raw material</subfield>
</datafield>
<datafield ind1=" " ind2=" " tag="653">
<subfield code="a">Steel</subfield>
</datafield>
<datafield ind1=" " ind2=" " tag="653">
<subfield code="a">Sustainability index</subfield>
</datafield>
<datafield tag="245" ind1="0" ind2="0">
<subfield code="a">A five-indicator methodology for early-stage sustainable selection of metal scraps and raw materials: Application in the steel industry</subfield>
</datafield>
</record></metadata></record></GetRecord></OAI-PMH>